Технические средства и методы защиты информации: учебное пособие для вузов

Λεπτομέρειες βιβλιογραφικής εγγραφής
Άλλοι συγγραφείς: Зайцев А. П. Александр Петрович (редактор), Шелупанов А. А. Александр Александрович, Мещеряков Р. В. Роман Валерьевич, Голубятников И. В. Игорь Владимирович, Солдатов А. А. Алексей Анатольевич, Скрыль С. В. Сергей Васильевич
Περίληψη:Рассмотрены технические средства и методы защиты информации от несанкционированного доступа. Описаны возможные технические каналы утечки информации. Основное внимание уделено рассмотрению принципов работы технических средств защиты информации. Отличительной особенностью книги является наличие лабораторных и практических занятий, которые позволят студентам приобрести практические навыки работы с техническим средствами защиты информации.
Γλώσσα:Ρωσικά
Έκδοση: Москва, Горячая линия-Телеком, 2012
Έκδοση:4-е изд., испр. и доп.
Σειρά:Специальность
Учебное пособие для высших учебных заведений
Θέματα:
Μορφή: Βιβλίο
KOHA link:https://koha.lib.tpu.ru/cgi-bin/koha/opac-detail.pl?biblionumber=214503

MARC

LEADER 00000nam0a2200000 4500
001 214503
005 20231101225908.0
010 |a 9785991200844 
035 |a (RuTPU)RU\TPU\book\234375 
090 |a 214503 
100 |a 20120425d2012 m y0rusy50 ca 
101 0 |a rus 
102 |a RU 
105 |a a j 001zy 
200 1 |a Технические средства и методы защиты информации  |e учебное пособие для вузов  |f А. П. Зайцев [и др.]  |g под ред. А. П. Зайцева, А. А. Шелупанова 
205 |a 4-е изд., испр. и доп. 
210 |a Москва  |c Горячая линия-Телеком  |d 2012 
215 |a 615 с.  |c ил. 
225 1 |a Специальность 
225 1 |a Учебное пособие для высших учебных заведений 
320 |a Библиогр.: с. 608-609. 
330 |a Рассмотрены технические средства и методы защиты информации от несанкционированного доступа. Описаны возможные технические каналы утечки информации. Основное внимание уделено рассмотрению принципов работы технических средств защиты информации. Отличительной особенностью книги является наличие лабораторных и практических занятий, которые позволят студентам приобрести практические навыки работы с техническим средствами защиты информации. 
606 1 |a Информация  |x Техническая защита  |2 stltpush  |3 (RuTPU)RU\TPU\subj\71814  |9 85552 
610 1 |a информационная безопасность 
610 1 |a утечка 
610 1 |a технические каналы 
610 1 |a речевая информация 
610 1 |a линии 
610 1 |a каналы 
610 1 |a скрытое видеонаблюдение 
610 1 |a скрытая съемка 
610 1 |a объекты 
610 1 |a демаскирующие признаки 
610 1 |a акустическая разведка 
610 1 |a проводные системы 
610 1 |a портативные диктофоны 
610 1 |a электронные стетоскопы 
610 1 |a радиоразведка 
610 1 |a радиотехническая разведка 
610 1 |a телефоны 
610 1 |a прослушивание 
610 1 |a нелинейные локаторы 
610 1 |a радиомониторинг 
610 1 |a закладные устройства 
610 1 |a компьютерные системы 
610 1 |a информационная защита 
610 1 |a технические средства 
610 1 |a теоретические материалы 
610 1 |a лабораторные работы 
610 1 |a учебные пособия 
675 |a 621.391(075.8)  |v 4 
701 1 |a Зайцев  |b А. П.  |g Александр Петрович 
701 1 |a Шелупанов  |b А. А.  |g Александр Александрович 
701 1 |a Мещеряков  |b Р. В.  |g Роман Валерьевич 
701 1 |a Голубятников  |b И. В.  |g Игорь Владимирович 
701 1 |a Солдатов  |b А. А.  |g Алексей Анатольевич 
701 1 |a Скрыль  |b С. В.  |g Сергей Васильевич 
702 1 |a Зайцев  |b А. П.  |g Александр Петрович  |4 340 
702 1 |a Шелупанов  |b А. А.  |g Александр Александрович  |4 340 
801 1 |a RU  |b 63413507  |c 20120425 
801 2 |a RU  |b 63413507  |c 20150615  |g RCR 
942 |c BK 
959 |a 66/20120425  |d 2  |e 717,56  |f ЧЗТЛ:1  |f АНЛ:1